000 00353nam a2200121Ia 4500
008 151001s9999||||xx |||||||||||||| ||und||
100 _aराजा मंगळवेढेकर
245 _aबिरबल
250 _a1
260 _bप्रेस्टीज पब्लिकेशन पुणे
300 _a96
365 _b24
999 _c971330
_d971327